000 00593nam a2200229Ia 4500
003 OSt
005 20220927105357.0
006 a|||||r|||| 00| 0
007 ta
008 220926b |||||||| |||| 00| 0 eng d
024 _a190558
037 _cReference Collections
040 _aRTL
_cRTL
_beng
041 _2eng
_aeng
082 _a"Q7k, P9"
100 _aKON Ronald E
_9372078
245 0 _aENCYCLOPAEDIA OF Islam
260 _aLeiden
_bBrill
_c2009
300 _a595-1166p
_ccm.
942 _h"Q7k, P9"
_cCC
999 _c692209
_d692209